[Event "56th ch-CUB 2019"]
[Site "Santa Clara CUB"]
[Date "2019.02.13"]
[Round "11.3"]
[White "Ortiz Suarez, Isan Reynaldo"]
[Black "Martinez Duany, Lelys Stanley"]
[Result "1/2-1/2"]
[WhiteTitle "GM"]
[BlackTitle "GM"]
[WhiteElo "2519"]
[BlackElo "2547"]
[WhiteFideId "3507165"]
[BlackFideId "3504727"]
[EventDate "2019.02.03"]
[EventType "tourn"]

1. e4 e5 2. Nf3 Nc6 3. Bb5 Nf6 4. O-O Nxe4 5. d4 Nd6 6. Bxc6 dxc6 7. dxe5 Nf5 8.
Qxd8+ Kxd8 9. Nc3 Be7 10. Bg5 Ke8 1/2-1/2

[Event "56th ch-CUB 2019"]
[Site "Santa Clara CUB"]
[Date "2019.02.13"]
[Round "11.4"]
[White "Espinosa Veloz, Ermes"]
[Black "Garcia Pantoja, Roberto"]
[Result "1/2-1/2"]
[WhiteTitle "GM"]
[BlackTitle "IM"]
[WhiteElo "2516"]
[BlackElo "2514"]
[WhiteFideId "3507424"]
[BlackFideId "3509265"]
[EventDate "2019.02.03"]
[EventType "tourn"]

1. e4 c6 2. d4 d5 3. e5 Bf5 4. Nf3 e6 5. Be2 c5 6. Be3 cxd4 7. Nxd4 Ne7 8. O-O
Nbc6 9. Bb5 a6 10. Bxc6+ Nxc6 11. Nxf5 exf5 12. c3 Be7 13. Qd3 Nxe5 14. Qxf5 Nc4
15. Bd4 O-O 16. b3 Na5 17. Rd1 Nc6 18. Be3 Bf6 19. Rxd5 Qc7 20. Qd7 Qxd7 21.
Rxd7 Rfd8 22. Rd2 b5 23. Kf1 b4 24. Rxd8+ Rxd8 25. Nd2 Bxc3 26. Rc1 Ne7 27. Ne4
Nd5 28. Nxc3 Nxc3 29. a3 h6 30. axb4 Rd3 31. Ke1 f5 32. Bc5 Kh7 33. f3 f4 34.
Ra1 g5 35. h3 h5 36. Kf1 Nd5 37. Rb1 Rd2 38. Ra1 Rd3 39. Rxa6 Rxb3 40. Ra7+ Kg6
41. Rb7 Rb2 42. b5 Ne3+ 43. Bxe3 fxe3 44. b6 Rf2+ 45. Kg1 Rb2 46. Re7 Rb1+ 47.
Kh2 h4 48. Rxe3 Rxb6 49. Kg1 Rb2 50. Re5 Ra2 51. Re4 Kf5 52. Rg4 Ra1+ 53. Kf2
Ra2+ 54. Ke3 Ra3+ 55. Kd4 Ra4+ 56. Kd5 Ra5+ 57. Kd6 Ra6+ 58. Kd5 Ra5+ 59. Kd4
Ra4+ 60. Ke3 Ra3+ 61. Kf2 Ra2+ 62. Kg1 Ra1+ 63. Kh2 Ra2 64. Rd4 Ra1 65. Rd8 Rf1
66. g4+ hxg3+ 67. Kxg3 1/2-1/2

[Event "56th ch-CUB 2019"]
[Site "Santa Clara CUB"]
[Date "2019.02.13"]
[Round "11.5"]
[White "Quesada Perez, Yasser"]
[Black "Gonzalez Vidal, Yuri"]
[Result "1-0"]
[WhiteTitle "GM"]
[BlackTitle "GM"]
[WhiteElo "2538"]
[BlackElo "2565"]
[WhiteFideId "3509362"]
[BlackFideId "3503321"]
[EventDate "2019.02.03"]
[EventType "tourn"]

1. e4 c6 2. d4 d5 3. Nc3 dxe4 4. Nxe4 Bf5 5. Ng3 Bg6 6. h4 h6 7. Nf3 e6 8. h5
Bh7 9. Bd3 Bxd3 10. Qxd3 Nf6 11. Bd2 c5 12. Ne4 Nc6 13. Bc3 Nb4 14. Nxf6+ gxf6
15. Bxb4 cxb4 16. d5 Qxd5 17. Qxd5 exd5 18. O-O-O O-O-O 19. Rh4 Bc5 20. Rd2 Rhe8
21. Rf4 Re6 22. Nh4 Ra6 23. c3 Bd6 24. Rf3 Rxa2 25. Rxd5 Bf4+ 26. Kb1 Rxd5 27.
Kxa2 Bc1 28. Nf5 Rd2 29. Kb1 Bxb2 30. cxb4 Be5 31. Nxh6 Rb2+ 32. Kc1 Rxb4 33.
Nxf7 Bb2+ 34. Kc2 Kd7 35. h6 Ke6 36. h7 f5 37. Ng5+ Ke7 38. Rxf5 Ba1 39. g3 Rb2+
40. Kd3 Rb1 41. Rf7+ Kd6 42. f4 a5 43. f5 a4 44. f6 Rh1 45. Rf8 a3 46. h8=Q Rxh8
47. Rxh8 1-0

[Event "56th ch-CUB 2019"]
[Site "Santa Clara CUB"]
[Date "2019.02.13"]
[Round "11.6"]
[White "Almeida Quintana, Omar"]
[Black "Fernandez Cardoso, Alexey"]
[Result "0-1"]
[WhiteTitle "GM"]
[BlackTitle "IM"]
[WhiteElo "2550"]
[BlackElo "2437"]
[WhiteFideId "3503313"]
[BlackFideId "3504379"]
[EventDate "2019.02.03"]
[EventType "tourn"]

1. d4 Nf6 2. c4 g6 3. Nc3 Bg7 4. e4 d6 5. h3 O-O 6. Be3 e5 7. d5 a5 8. g4 Na6 9.
Nge2 Nc5 10. Ng3 c6 11. g5 Nfd7 12. dxc6 bxc6 13. Qxd6 Ne6 14. O-O-O Nd4 15.
Nge2 c5 16. Nd5 Bb7 17. Nec3 Ra7 18. Nb5 Bxd5 19. Qxd5 Ra6 20. h4 Qe7 21. Qb7
Rb6 22. Qc7 Rfb8 23. Bh3 R6b7 24. Qxa5 Nb6 25. b3 Na8 26. Rd3 Nc7 27. Nxc7 Rxc7
28. Kb2 Rb4 29. Bd2 Rb8 30. Qc3 Ra7 31. Ra1 Qb7 32. Bg2 Rba8 33. Kb1 Ne2 34. Qc2
Nf4 35. Rg3 Rd8 36. Be3 Qb4 37. a4 Rad7 38. a5 Rd1+ 39. Bc1 R8d2 40. Qc3 Ne2 0-1